00843nam a2200217Ii 45000010005000000030009000050080041000140400033000550410008000880820015000961000030001112450101001412640081002423000012003233360026003353370028003613380027003899400050004169990017004669520142004837539CO-ViMGA241108s9999||||xx |||||||||||||| ||und|| aCO-ViMGAbspaerdacCO-ViMGA0 aunk04aC868.6-Z931 aJuan Zuleta Ferrer95572010a historia contra la pared:bSelección de ensayos y editorias les El Colombiano 1930 - 1878 1a[Lugar de publicación no identificado] : Biblioteca Pública Piloto, 1978 avolumen atextbtxt2rdacontent aunmediatedbn2rdamedia avolumebnc2rdacarrier aidficha_siabuc: 7365. -- ficha_no_siabuc:7539 c53382d53382 001040708001aMEVIGERRbMEVIGERRcGENd2006-11-27hVol.1oC868.6-Z93pECA7535r2024-11-26 10:10:00tEj.1w2024-11-26yBKz7365 | 10373